Countries that border France - Statistics

General Stats
  • This quiz has been taken 12 times
  • The average score is 9 of 10
Answers on the Grid
Answers color-coded by a green-red scale on the quiz's grid according to % correct below.
guyana
brazil
austria
luxemburg
spain
monaco
czechia ( czech republic )
serbia
italy
sweden
indonesia
croatia
finland
peru
switzerland
liechtenstein
andorra
panama
suriname
uruguay
belgium
germany
poland
denmark
 
Answer Stats
Answer % Correct
andorra
100%
germany
100%
spain
100%
belgium
91%
brazil
91%
italy
91%
luxemburg
91%
monaco
91%
switzerland
91%
suriname
55%
No matching quizzes found
Score Distribution
Percent of People with Each Score
Percentile by Number Answered
Your Score History
You have not taken this quiz